Central Auckland Suburbs - Statistics

General Stats
  • This quiz has been taken 180 times
    175 since last reset
  • The average score is 27 of 54
Answer Stats
Initial Answer % Correct
M Mount Albert
82%
P Ponsonby
82%
M Mount Eden
81%
M Mount Roskill
75%
N Newmarket
73%
R Remuera
72%
G Grey Lynn
71%
P Parnell
70%
M Mount Wellington
69%
A Avondale
68%
M Mission Bay
68%
O Onehunga
68%
G Glen Innes
64%
E Epsom
62%
G Greenlane
62%
P Point Chevalier
62%
E Ellerslie
61%
S Sandringham
61%
K Kohimarama
60%
O Orakei
60%
S Saint Heliers
58%
K Kingsland
57%
H Herne Bay
55%
G Grafton
54%
P Penrose
53%
P Panmure
51%
M Morningside
50%
M Meadowbank
48%
O Otahuhu
47%
O One Tree Hill
46%
B Balmoral
43%
B Blockhouse Bay
43%
G Glendowie
42%
H Hillsborough
40%
W Westmere
40%
E Eden Terrace
39%
R Royal Oak
39%
S Saint Johns
38%
T Three Kings
38%
W Western Springs
38%
F Freemans Bay
35%
S Saint Mary's Bay
35%
N Newton
33%
P Point England
33%
W Waterview
31%
L Lynfield
29%
T Tamaki
27%
A Arch Hill
26%
T Te Papapa
26%
O Oranga
23%
O Owairaka
22%
N New Windsor
20%
W Waikowhai
20%
W Wesley
9%
No matching quizzes found
Score Distribution
Percent of People with Each Score
Percentile by Number Answered
Your Score History
You have not taken this quiz since the last reset